000 00294nam a2200097Ia 4500
082 _a641.0968 ROAK
245 0 _aTaste freedom : food from the Freedom Café
100 _a Roake, Neil Auckland Park, South Africa, 2010
_950611
942 _cBK
008 210817s9999 xx 000 0 und d
999 _c162750
_d162749